|
|
|
|
| LEADER |
00000nam0a2200000 4500 |
| 001 |
141558 |
| 005 |
20231031142459.0 |
| 010 |
|
|
|a 506000497X
|
| 020 |
|
|
|a RU
|b 91-32713
|
| 035 |
|
|
|a (RuTPU)RU\TPU\book\153452
|
| 090 |
|
|
|a 141558
|
| 100 |
|
|
|a 20080821d1991 m y0rusy5003 ca
|
| 101 |
0 |
|
|a rus
|
| 102 |
|
|
|a RU
|
| 105 |
|
|
|a y z 000zy
|
| 200 |
1 |
|
|a Социальная причинность, ее природа и специфика
|f Б. И. Клейнер
|
| 210 |
|
|
|a Москва
|c Высшая школа
|d 1991
|
| 215 |
|
|
|a 128 с.
|
| 610 |
1 |
|
|a философия
|
| 610 |
1 |
|
|a социальная философия
|
| 610 |
1 |
|
|a общество
|
| 610 |
1 |
|
|a причинность
|
| 610 |
1 |
|
|a социальные противоречия
|
| 610 |
1 |
|
|a структура
|
| 610 |
1 |
|
|a типология
|
| 610 |
1 |
|
|a причинные связи
|
| 686 |
|
|
|a Ю633.3
|2 rubbk
|
| 700 |
|
1 |
|a Клейнер
|b Б. И.
|g Борис Израйлевич
|4 070
|
| 801 |
|
0 |
|a RU
|b RuMRKP
|c 19950417
|g psbo
|
| 801 |
|
1 |
|a RU
|b 63413507
|c 20080821
|g PSBO
|
| 801 |
|
2 |
|a RU
|b 63413507
|c 20081204
|g PSBO
|
| 942 |
|
|
|c BK
|